Capital Cities with first 3 letters in alphabetical order - Statistics

General Stats
  • This quiz has been taken 43 times
  • The average score is 18 of 30
Answer Stats
Hint Answer % Correct
Europe Amsterdam
90%
Asia Beijing
87%
Europe Berlin
87%
Africa Accra
83%
Africa Addis Ababa
83%
Europe Bern
83%
Africa Abuja
80%
Asia Abu Dhabi
77%
Europe Belgrade
73%
North America Ottawa
73%
South America Asuncion
70%
North America Belmopan
70%
Europe Chisinau
70%
Africa Antananarivo
67%
Europe Brussels
67%
Europe Copenhagen
67%
Europe Moscow
63%
Asia Amman
60%
Asia Astana
60%
Asia Bishkek
57%
Asia Beirut
53%
Africa Bissau
43%
Asia Dili
43%
Oceania Suva
43%
Europe Luxembourg
33%
Africa Bloemfontein
30%
Asia Kuwait City
30%
Africa Moroni
23%
Africa Nouakchott
23%
Africa Cotonou
17%
No matching quizzes found
Score Distribution
Percent of People with Each Score
Percentile by Number Answered
Your Score History
You have not taken this quiz